[Event "Titled Tuesday intern op 16th Apr Early"]
[Site "Chess.com INT"]
[Date "2024.04.16"]
[Round "1"]
[White "Kadric, Denis"]
[Black "Le Goff, Ronan"]
[Result "1-0"]
[WhiteElo "2558"]
[BlackElo "2289"]
[PlyCount "51"]
[EventDate "2024.04.16"]
[EventType "swiss (blitz)"]
[EventRounds "11"]
[EventCountry "USA"]
[SourceTitle "CB17_2024"]
[SourceDate "2024.04.24"]
[SourceVersion "1"]
[SourceVersionDate "2024.04.24"]
[SourceQuality "1"]

1. e4 e5 2. Nf3 Nc6 3. Bc4 Nf6 4. d3 a6 5. 0-0 h6 6. c3 Bc5 7. Re1 d6 8. Bb3 0-0 9. h3 Re8 10. Nbd2 Ba7 11. Nf1 Be6 12. Bc2 Qd7 13. Ng3 Rad8 14. d4 exd4 15. cxd4 d5 16. e5 Ne4 17. Be3 Nxg3 18. fxg3 Bf5 19. Rc1 Be4 20. Kh2 Nb4 21. Bb1 Bxb1 22. Rxb1 Nxa2 23. Qb3 c5 24. Qxa2 cxd4 25. Bxd4 Bxd4 26. Nxd4 1-0

[Event "Sant Boi de Llobregat op 4th"]
[Site "Sant Boi de Llobregat"]
[Date "2023.12.05"]
[Round "6"]
[White "Molenda, Marcin"]
[Black "Le Goff, Ronan"]
[Result "1-0"]
[WhiteElo "2387"]
[BlackElo "2287"]
[PlyCount "51"]
[EventDate "2023.11.30"]
[EventType "swiss"]
[EventRounds "9"]
[EventCountry "ESP"]
[SourceTitle "CB50_2023"]
[SourceDate "2023.12.13"]
[SourceVersion "1"]
[SourceVersionDate "2023.12.13"]
[SourceQuality "1"]

1. d4 Nf6 2. c4 e6 3. g3 d5 4. Nf3 Be7 5. Bg2 0-0 6. Nc3 dxc4 7. Ne5 Qd6 8. Nxc4 Qa6 9. b3 Rd8 10. a4 Bb4 11. Bb2 c5 12. 0-0 Bxc3 13. Bxc3 cxd4 14. Ba5 Rd7 15. Rc1 Nd5 16. b4 b6 17. b5 Qb7 18. Qxd4 Rd8 19. Bc3 f5 20. Bb2 Qe7 21. Nd6 Bb7 22. Nxb7 Qxb7 23. e4 fxe4 24. Bh3 Kf8 25. Bxe6 Ke8 26. Rfd1 1-0

[Event "Sant Boi de Llobregat op 4th"]
[Site "Sant Boi de Llobregat"]
[Date "2023.11.30"]
[Round "1"]
[White "Madaminov, Mukhiddin"]
[Black "Le Goff, Ronan"]
[Result "1-0"]
[WhiteElo "2494"]
[BlackElo "2278"]
[PlyCount "153"]
[EventDate "2023.11.30"]
[EventType "swiss"]
[EventRounds "9"]
[EventCountry "ESP"]
[SourceTitle "CB50_2023"]
[SourceDate "2023.12.13"]
[SourceVersion "1"]
[SourceVersionDate "2023.12.13"]
[SourceQuality "1"]

1. e4 e5 2. Nf3 Nc6 3. Bb5 a6 4. Ba4 d6 5. 0-0 Bd7 6. c3 g6 7. d4 Bg7 8. h3 Nf6 9. Re1 0-0 10. Bc2 Re8 11. Nbd2 Qe7 12. Nf1 Qf8 13. Ng3 Rad8 14. Bg5 h6 15. Be3 d5 16. Nxe5 Nxe5 17. dxe5 Nxe4 18. Nxe4 dxe4 19. Bxe4 Bxe5 20. Qc1 Bh2+ 21. Kxh2 Rxe4 22. Bf4 Rde8 23. Rxe4 Rxe4 24. Qd2 Bb5 25. Bxh6 Qe7 26. Be3 Re6 27. Kg1 Rd6 28. Qc1 Rd3 29. Qe1 c5 30. Bf4 Qxe1+ 31. Rxe1 f6 32. Be3 b6 33. Bf4 Bd7 34. Bc7 b5 35. Bb6 Rd5 36. Re7 c4 37. Bd4 Kf8 38. Bxf6 Bf5 39. Ra7 Rd1+ 40. Kh2 Rd2 41. Bd4 Rxb2 42. Rxa6 Kf7 43. a3 Ra2 44. Ra5 Bc2 45. Rxb5 Rxa3 46. g4 Ra1 47. f3 Rd1 48. Rb7+ Ke6 49. Kg3 Rd3 50. Rg7 Bd1 51. Rxg6+ Ke7 52. h4 Rxf3+ 53. Kg2 Rf4 54. Kg3 Rf3+ 55. Kh2 Rf4 56. Rc6 Rxg4 57. Kh3 Be2 58. Bc5+ Kf7 59. Rc7+ Kg8 60. Re7 Bd1 61. Re8+ Kh7 62. Bd4 Rf4 63. Re1 Bh5 64. Re7+ Rf7 65. Re5 Bd1 66. h5 Rf3+ 67. Kg2 Rf7 68. Rc5 Bf3+ 69. Kg3 Kh6 70. Be3+ Kh7 71. Kh4 Be2 72. Bd4 Rf4+ 73. Kg5 Rg4+ 74. Kf5 Rg8 75. Rc7+ Kh6 76. Be3+ Kxh5 77. Rh7# 1-0

[Event "Titled Tuesday intern op 11th Jul Late"]
[Site "Chess.com INT"]
[Date "2023.07.11"]
[Round "3"]
[White "Le Goff, Ronan"]
[Black "Chen, Justin"]
[Result "0-1"]
[WhiteElo "2300"]
[BlackElo "2375"]
[PlyCount "94"]
[EventDate "2023.07.11"]
[EventType "swiss (blitz)"]
[EventRounds "11"]
[EventCountry "USA"]
[SourceTitle "EXT 2024"]
[Source "ChessBase"]
[SourceDate "2023.10.10"]
[SourceVersion "1"]
[SourceVersionDate "2023.10.10"]
[SourceQuality "1"]

1. d4 Nf6 2. c4 e6 3. Nf3 d5 4. Nc3 Bb4 5. cxd5 exd5 6. Bd2 0-0 7. Rc1 c6 8. e3 Bf5 9. Be2 Nbd7 10. 0-0 Re8 11. Qb3 Bxc3 12. bxc3 b5 13. Rfd1 Ne4 14. Be1 Nb6 15. Nd2 Nd6 16. Qb2 Qf6 17. Nb3 Qg6 18. Nc5 Nbc4 19. Qa1 Ne4 20. Bf1 Nxc5 21. dxc5 h5 22. Rd4 Ne5 23. a4 Nf3+ 24. Kh1 Nxd4 25. cxd4 a6 26. Ba5 Bd3 27. Qc3 Bxf1 28. Rxf1 Qe4 29. h3 f5 30. Bc7 Re7 31. Bd6 Rb7 32. Ra1 a5 33. axb5 Rxb5 34. Kh2 a4 35. Ra3 Qb1 36. e4 Rb3 37. Rxb3 Qxb3 38. Qc1 dxe4 39. Qg5 a3 40. Be5 Qf7 41. d5 cxd5 42. Ba1 a2 43. c6 Kh7 44. Qg3 Rc8 45. Qc3 d4 46. Qxd4 Rxc6 47. g3 Rc1 0-1

[Event "Titled Tuesday intern op 11th Jul Late"]
[Site "Chess.com INT"]
[Date "2023.07.11"]
[Round "1"]
[White "Le Goff, Ronan"]
[Black "Talibov, Shiroghlan"]
[Result "0-1"]
[WhiteElo "2300"]
[BlackElo "2348"]
[PlyCount "54"]
[EventDate "2023.07.11"]
[EventType "swiss (blitz)"]
[EventRounds "11"]
[EventCountry "USA"]
[SourceTitle "EXT 2024"]
[Source "ChessBase"]
[SourceDate "2023.10.10"]
[SourceVersion "1"]
[SourceVersionDate "2023.10.10"]
[SourceQuality "1"]

1. d4 d5 2. c4 e6 3. Nc3 c6 4. cxd5 exd5 5. Qc2 Bd6 6. Nf3 f5 7. Bg5 Ne7 8. e3 0-0 9. Bd3 Be6 10. 0-0-0 b5 11. Kb1 a5 12. Ne2 Na6 13. Nf4 Bd7 14. Ne5 a4 15. Bxe7 Qxe7 16. Nxc6 Qe8 17. Bxb5 a3 18. Nxd5 axb2 19. Nb6 Nb4 20. Qb3+ Kh8 21. Nxd7 Qxd7 22. Nxb4 Qxb5 23. Nd3 Qc6 24. Ne5 Bxe5 25. dxe5 Rfc8 26. e6 Rab8 27. Qxb8 Qc2# 0-1

[Event "Dortmund Sparkassen op 50th"]
[Site "Dortmund"]
[Date "2023.07.01"]
[Round "8"]
[White "Rathanvel, VS."]
[Black "Le Goff, Ronan"]
[Result "1-0"]
[WhiteElo "2463"]
[BlackElo "2300"]
[PlyCount "87"]
[EventDate "2023.06.24"]
[EventType "swiss"]
[EventRounds "9"]
[EventCountry "GER"]
[SourceTitle "CBM 215 Extra"]
[Source "ChessBase"]
[SourceDate "2023.09.30"]
[SourceVersion "1"]
[SourceVersionDate "2023.09.30"]
[SourceQuality "1"]

1. e4 e5 2. Nf3 Nc6 3. Bb5 a6 4. Ba4 Nf6 5. 0-0 Be7 6. Re1 b5 7. Bb3 d6 8. c3 0-0 9. h3 Nb8 10. d4 Nbd7 11. Nbd2 Bb7 12. Bc2 Re8 13. Nf1 Bf8 14. Ng3 g6 15. a4 Bg7 16. Bd3 c6 17. Bg5 h6 18. Be3 Kh7 19. Qb3 Qe7 20. Rad1 Rab8 21. Qc2 Ba8 22. b4 c5 23. d5 Rec8 24. Qa2 cxb4 25. cxb4 Nb6 26. axb5 axb5 27. Bxb6 Rxb6 28. Rc1 Rcb8 29. Rc3 Ne8 30. Rec1 Bb7 31. Qe2 Qd7 32. Nd2 Rc8 33. Rxc8 Bxc8 34. Nb3 h5 35. Na5 Bh6 36. Rc3 Qd8 37. Bxb5 Nc7 38. Bd3 Bd7 39. Qc2 Nb5 40. Bxb5 Rxb5 41. Nc6 Qg5 42. Nf1 Rb6 43. Qa2 Rb7 44. Qa6 1-0

[Event "Titled Tuesday intern op 30th May Late"]
[Site "Chess.com INT"]
[Date "2023.05.30"]
[Round "10"]
[White "Cardozo, D Cesar G"]
[Black "Le Goff, Ronan"]
[Result "0-1"]
[WhiteElo "2043"]
[BlackElo "2323"]
[PlyCount "36"]
[EventDate "2023.05.30"]
[EventType "swiss (blitz)"]
[EventRounds "11"]
[EventCountry "USA"]
[SourceTitle "CBM 214 Extra"]
[Source "ChessBase"]
[SourceDate "2023.07.31"]
[SourceVersion "1"]
[SourceVersionDate "2023.07.31"]
[SourceQuality "1"]

1. d4 Nf6 2. Bg5 Ne4 3. h4 d5 4. Nd2 c5 5. Nxe4 dxe4 6. dxc5 Qa5+ 7. Qd2 Qxc5 8. 0-0-0 Nc6 9. Nh3 h6 10. Be3 Qc4 11. Kb1 Be6 12. b3 Qa6 13. Nf4 Bf5 14. Nd5 0-0-0 15. g4 e6 16. gxf5 Rxd5 17. Qc3 Rxd1+ 18. Kb2 Ba3# 0-1

[Event "Titled Tuesday intern op 30th May Late"]
[Site "Chess.com INT"]
[Date "2023.05.30"]
[Round "8"]
[White "Le Goff, Ronan"]
[Black "Castaneda Jimenez, Jhon David"]
[Result "0-1"]
[WhiteElo "2323"]
[BlackElo "2123"]
[PlyCount "128"]
[EventDate "2023.05.30"]
[EventType "swiss (blitz)"]
[EventRounds "11"]
[EventCountry "USA"]
[SourceTitle "CBM 214 Extra"]
[Source "ChessBase"]
[SourceDate "2023.07.31"]
[SourceVersion "1"]
[SourceVersionDate "2023.07.31"]
[SourceQuality "1"]

1. d4 Nf6 2. c4 e6 3. Nc3 Bb4 4. Nf3 0-0 5. Bd2 b6 6. Rc1 Bb7 7. e3 c5 8. a3 Bxc3 9. Bxc3 Ne4 10. d5 Nxc3 11. Rxc3 Qf6 12. h4 e5 13. e4 d6 14. Rh3 Bc8 15. Rg3 h6 16. Ng5 Qf4 17. Rcf3 Qxh4 18. Nh3 Qxe4+ 19. Re3 Qh7 20. Bd3 Bf5 21. Qh5 Bxd3 22. Rxd3 Nd7 23. Qh4 f5 24. Qe7 f4 25. Qe6+ Kh8 26. Ng5 Qf5 27. Rg4 Rae8 28. Qxf5 Rxf5 29. Ne4 Nf6 30. Nxf6 Rxf6 31. Rh3 Kh7 32. Kd2 Rg6 33. Rxg6 Kxg6 34. f3 Kg5 35. Kd3 h5 36. Ke4 g6 37. Rh1 Rb8 38. a4 a6 39. Ra1 Kh4 40. Kd3 Kg3 41. Ke2 Kxg2 42. Rf1 g5 43. Rf2+ Kg3 44. Kf1 g4 45. Rg2+ Kxf3 46. Rf2+ Ke4 47. Re2+ Kf5 48. b3 e4 49. Kf2 e3+ 50. Kf1 Ke4 51. Ra2 f3 52. a5 bxa5 53. Rxa5 Rxb3 54. Ra1 g3 55. Re1 h4 56. Rd1 e2+ 57. Ke1 exd1Q+ 58. Kxd1 Rb2 59. Ke1 Rh2 60. Kf1 a5 61. Kg1 a4 62. Kf1 a3 63. Kg1 a2 64. Kf1 a1Q# 0-1

[Event "Titled Tuesday intern op 23rd May Late"]
[Site "Chess.com INT"]
[Date "2023.05.23"]
[Round "3"]
[White "Le Goff, Ronan"]
[Black "De Souza, Cristiano Gomes"]
[Result "1-0"]
[WhiteElo "2323"]
[BlackElo "2018"]
[PlyCount "51"]
[EventDate "2023.05.23"]
[EventType "swiss (blitz)"]
[EventRounds "11"]
[EventCountry "USA"]
[SourceTitle "EXT 2024"]
[Source "ChessBase"]
[SourceDate "2023.10.10"]
[SourceVersion "1"]
[SourceVersionDate "2023.10.10"]
[SourceQuality "1"]

1. d4 Nf6 2. Nf3 g6 3. c4 Bg7 4. Nc3 d6 5. e4 0-0 6. Be2 e5 7. h3 Nc6 8. d5 Ne7 9. Be3 Nh5 10. Qd2 f5 11. exf5 Nxf5 12. Bg5 Bf6 13. g4 Bxg5 14. Qxg5 Nd4 15. Qxd8 Rxd8 16. gxh5 Nc2+ 17. Kd2 Nxa1 18. hxg6 Nb3+ 19. axb3 hxg6 20. Bd3 Bf5 21. Rg1 Bxd3 22. Kxd3 Kf7 23. Ng5+ Kf6 24. Nce4+ Kf5 25. Ne6 Rh8 26. Rg5# 1-0

[Event "Angers op 16th"]
[Site "Angers"]
[Date "2023.05.19"]
[Round "2"]
[White "Burille, Matthieu"]
[Black "Le Goff, Ronan"]
[Result "1-0"]
[WhiteElo "2209"]
[BlackElo "2323"]
[PlyCount "105"]
[EventDate "2023.05.19"]
[EventType "swiss"]
[EventRounds "6"]
[EventCountry "FRA"]
[SourceTitle "CBM 214 Extra"]
[Source "ChessBase"]
[SourceDate "2023.07.31"]
[SourceVersion "1"]
[SourceVersionDate "2023.07.31"]
[SourceQuality "1"]

1. e4 e5 2. Nf3 Nc6 3. Bb5 a6 4. Ba4 d6 5. 0-0 Bd7 6. Re1 g6 7. d4 Bg7 8. d5 Nce7 9. c4 b5 10. Bb3 bxc4 11. Bxc4 f5 12. exf5 gxf5 13. Nc3 Nf6 14. Bg5 e4 15. Nd4 0-0 16. f3 Qb8 17. Qb3 Kh8 18. Rad1 h6 19. Bc1 Qe8 20. Qc2 exf3 21. Nxf3 Qf7 22. Nd4 Ng4 23. Ne6 Bxe6 24. Rxe6 Ne5 25. Qe2 f4 26. Rf1 N7g6 27. Bd3 Rae8 28. Rxe8 Rxe8 29. Bc2 Rf8 30. Qe4 f3 31. Be3 Bf6 32. gxf3 Nh4 33. Kh1 Neg6 34. f4 Re8 35. Qd3 Qg7 36. Rg1 Qf7 37. Bd2 Ne7 38. Bd1 Nef5 39. Bg4 Bd4 40. Rf1 Qg6 41. Bh3 Rg8 42. Ne2 Bxb2 43. Rg1 Qf6 44. Rxg8+ Kxg8 45. Ng3 Ng7 46. Qe4 Bc3 47. Be3 a5 48. Be6+ Kf8 49. f5 Be5 50. Bf4 Bxf4 51. Qxf4 Qa1+ 52. Nf1 Qe5 53. Qxh4 1-0

[Event "Titled Tuesday intern op 25th Apr Late"]
[Site "Chess.com INT"]
[Date "2023.04.25"]
[Round "7"]
[White "Le Goff, Ronan"]
[Black "Korchmar, Vasiliy"]
[Result "1-0"]
[WhiteElo "2320"]
[BlackElo "2438"]
[PlyCount "63"]
[EventDate "2023.04.25"]
[EventType "swiss (blitz)"]
[EventRounds "11"]
[EventCountry "USA"]
[SourceTitle "EXT 2024"]
[Source "ChessBase"]
[SourceDate "2023.10.10"]
[SourceVersion "1"]
[SourceVersionDate "2023.10.10"]
[SourceQuality "1"]

1. Nf3 d5 2. c4 c6 3. d4 Nf6 4. Nc3 e6 5. e3 Nbd7 6. Qc2 Bd6 7. b3 0-0 8. Bd3 e5 9. cxd5 cxd5 10. dxe5 Nxe5 11. Be2 Bg4 12. Bb2 Rc8 13. Rd1 Ne4 14. Nxe5 Bxe5 15. Bxg4 Bxc3+ 16. Bxc3 Rxc3 17. Qb2 Rxe3+ 18. fxe3 Qh4+ 19. g3 Qxg4 20. 0-0 Qg5 21. Rf4 h5 22. Qd4 Qg6 23. Qxd5 Nc3 24. Qd2 Nxd1 25. Qxd1 Rc8 26. Rd4 Rc2 27. Rd8+ Kh7 28. Rd6 f6 29. Rd5 Kg8 30. Rxh5 Rc8 31. Qd5+ Qf7 32. Rh8+ 1-0

[Event "Titled Tuesday intern op 25th Apr Late"]
[Site "Chess.com INT"]
[Date "2023.04.25"]
[Round "3"]
[White "Le Goff, Ronan"]
[Black "Spata, German"]
[Result "0-1"]
[WhiteElo "2320"]
[BlackElo "2364"]
[PlyCount "110"]
[EventDate "2023.04.25"]
[EventType "swiss (blitz)"]
[EventRounds "11"]
[EventCountry "USA"]
[SourceTitle "EXT 2024"]
[Source "ChessBase"]
[SourceDate "2023.10.10"]
[SourceVersion "1"]
[SourceVersionDate "2023.10.10"]
[SourceQuality "1"]

1. d4 Nf6 2. c4 g6 3. f3 Bg7 4. e4 0-0 5. Be3 d6 6. Nc3 e5 7. d5 Nh5 8. Nge2 f5 9. Qd2 a5 10. Bg5 Qe8 11. Ng3 Nf4 12. 0-0-0 Na6 13. h4 Bd7 14. h5 Nxh5 15. Nxh5 gxh5 16. Bh6 Qg6 17. Bxg7 Kxg7 18. Bd3 Nc5 19. Bc2 Kh8 20. Rh2 fxe4 21. Bxe4 Bf5 22. Qe3 Bxe4 23. Nxe4 Nxe4 24. Qxe4 Rf4 25. Qe2 Raf8 26. Rdh1 R4f5 27. g4 Rxf3 28. Rxh5 R3f7 29. b3 b6 30. R1h2 Rf1+ 31. Kb2 R1f7 32. Ka3 Kg8 33. Qd2 Rg7 34. R2h4 Qf6 35. Qh2 Qf4 36. Rxh7 Qxh2 37. Rxg7+ Kxg7 38. Rxh2 Kg6 39. Ka4 Re8 40. Kb5 e4 41. Kc6 Re7 42. a3 Kg5 43. b4 axb4 44. axb4 Kxg4 45. c5 bxc5 46. bxc5 dxc5 47. d6 cxd6 48. Kxd6 Re8 49. Kd7 Ra8 50. Kd6 e3 51. Kxc5 Re8 52. Re2 Kf3 53. Re1 e2 54. Kd4 Kf2 55. Rd1 exd1Q+ 0-1

[Event "Titled Tuesday intern op 18th Apr Late"]
[Site "Chess.com INT"]
[Date "2023.04.18"]
[Round "7"]
[White "Le Goff, Ronan"]
[Black "Barrientos Chavarriaga, Sergio E"]
[Result "1-0"]
[WhiteElo "2320"]
[BlackElo "2479"]
[PlyCount "175"]
[EventDate "2023.04.18"]
[EventType "swiss (blitz)"]
[EventRounds "11"]
[EventCountry "USA"]
[SourceTitle "EXT 2024"]
[Source "ChessBase"]
[SourceDate "2023.10.10"]
[SourceVersion "1"]
[SourceVersionDate "2023.10.10"]
[SourceQuality "1"]

1. d4 a6 2. g3 g6 3. Bg2 Bg7 4. e4 d6 5. Ne2 Nd7 6. 0-0 e5 7. Nbc3 Ne7 8. dxe5 dxe5 9. Nd5 c6 10. Nxe7 Qxe7 11. b3 0-0 12. a4 Rd8 13. Ba3 Qe8 14. Qc1 Nf8 15. Qe3 Ne6 16. c3 Bf8 17. Bxf8 Qxf8 18. Rfd1 Bd7 19. Qb6 Rab8 20. b4 Qe7 21. a5 Be8 22. h4 Nc7 23. Kh2 Nb5 24. Bh3 Nd6 25. f3 Nc4 26. Qf2 Nb2 27. Rxd8 Rxd8 28. Nc1 Nd3 29. Qe3 Nb2 30. Ra2 Nc4 31. Qe2 Nd6 32. Nd3 f6 33. Nc5 Nb5 34. Rc2 Bf7 35. Qe1 Kg7 36. Rd2 Rd6 37. Qc1 h5 38. Bc8 Rxd2+ 39. Qxd2 Nd6 40. Bh3 Bc4 41. g4 hxg4 42. fxg4 Be6 43. g5 Bxh3 44. Kxh3 f5 45. exf5 Nxf5 46. Qd7 Qxd7 47. Nxd7 e4 48. Nc5 e3 49. Kg2 Nxh4+ 50. Kf1 Nf3 51. Nxb7 Nxg5 52. Nc5 Kf6 53. Nxa6 Ne4 54. Nc7 Nxc3 55. a6 Na4 56. a7 Nb6 57. Ke2 Ke5 58. Kxe3 Kd6 59. a8Q Nxa8 60. Nxa8 Kd5 61. Nb6+ Ke5 62. Nc4+ Kd5 63. Kd3 g5 64. Ne3+ Ke5 65. Kc4 Ke4 66. Ng4 Kf5 67. Nf2 Ke6 68. Kc5 Kd7 69. Kb6 Kd6 70. Ne4+ Kd5 71. Nxg5 Kc4 72. Ka5 Kd5 73. Nf3 c5 74. b5 c4 75. Ne1 c3 76. Nc2 Kc4 77. b6 Kb3 78. Nd4+ Kc4 79. Nc2 Kb3 80. b7 Kxc2 81. b8Q Kc1 82. Qf4+ Kb1 83. Qb4+ Kc2 84. Kb5 Kd3 85. Qc4+ Kd2 86. Qd4+ Kc2 87. Kb4 Kb1 88. Qxc3 1-0

[Event "Titled Tuesday intern op 18th Apr Late"]
[Site "Chess.com INT"]
[Date "2023.04.18"]
[Round "10"]
[White "Le Goff, Ronan"]
[Black "Spata, German"]
[Result "0-1"]
[WhiteElo "2320"]
[BlackElo "2364"]
[PlyCount "128"]
[EventDate "2023.04.18"]
[EventType "swiss (blitz)"]
[EventRounds "11"]
[EventCountry "USA"]
[SourceTitle "EXT 2024"]
[Source "ChessBase"]
[SourceDate "2023.10.10"]
[SourceVersion "1"]
[SourceVersionDate "2023.10.10"]
[SourceQuality "1"]

1. d4 d5 2. c4 c6 3. Nf3 Nf6 4. e3 a6 5. Nc3 b5 6. b3 Bg4 7. h3 Bxf3 8. Qxf3 e6 9. c5 Nbd7 10. Bd2 e5 11. Qg3 e4 12. Be2 Qb8 13. Qxb8+ Rxb8 14. a3 a5 15. 0-0-0 Be7 16. f3 exf3 17. gxf3 0-0 18. Rdg1 Rfe8 19. Bd3 Nxc5 20. dxc5 Bxc5 21. Kb2 Bxe3 22. Bxe3 Rxe3 23. Bc2 Rxf3 24. Re1 Kf8 25. Re2 Re8 26. Rxe8+ Nxe8 27. h4 h5 28. Bd1 Rf2+ 29. Kb1 Nf6 30. Ne2 Ne4 31. Nd4 Nc3+ 32. Kc1 c5 33. Nc2 g6 34. Kb2 d4 35. Kc1 d3 36. Ne3 f5 37. Rf1 Rh2 38. Nxf5 gxf5 39. Rxf5+ Ke7 40. Rxc5 b4 41. axb4 axb4 42. Bxh5 Rxh4 43. Bg6 Rd4 44. Bxd3 Rxd3 45. Rc4 Nd5 46. Kc2 Rc3+ 47. Kb2 Rd3 48. Kc2 Re3 49. Rd4 Kd6 50. Rh4 Rc3+ 51. Kb2 Re3 52. Kc2 Rf3 53. Rg4 Kc5 54. Rc4+ Kb5 55. Rh4 Rf2+ 56. Kd3 Rf3+ 57. Ke4 Rxb3 58. Kxd5 Rd3+ 59. Ke4 Rd8 60. Rh7 Kc4 61. Rc7+ Kb3 62. Ra7 Kb2 63. Rc7 b3 64. Rc8 Rxc8 0-1

[Event "Titled Tuesday intern op 18th Apr Late"]
[Site "Chess.com INT"]
[Date "2023.04.18"]
[Round "8"]
[White "Lizak, Peter"]
[Black "Le Goff, Ronan"]
[Result "1-0"]
[WhiteElo "2411"]
[BlackElo "2320"]
[PlyCount "71"]
[EventDate "2023.04.18"]
[EventType "swiss (blitz)"]
[EventRounds "11"]
[EventCountry "USA"]
[SourceTitle "EXT 2024"]
[Source "ChessBase"]
[SourceDate "2023.10.10"]
[SourceVersion "1"]
[SourceVersionDate "2023.10.10"]
[SourceQuality "1"]

1. d4 Nf6 2. Nf3 e6 3. Bf4 d5 4. e3 c5 5. Nbd2 Nc6 6. c3 cxd4 7. exd4 Nh5 8. Be3 g6 9. g4 Nf6 10. h3 Bg7 11. Bd3 h5 12. g5 Ng8 13. Bf4 Nge7 14. Qe2 Qb6 15. 0-0-0 Bd7 16. Ne5 Nxe5 17. Bxe5 Bxe5 18. Qxe5 0-0 19. Nf3 Rac8 20. Nh4 Nc6 21. Qf6 Qd8 22. f4 Qxf6 23. gxf6 Nxd4 24. Kd2 Nc6 25. Rhg1 Be8 26. Rg5 d4 27. Rdg1 dxc3+ 28. bxc3 Rd8 29. Ke3 Rd5 30. Rxd5 exd5 31. Rg5 Bd7 32. f5 Re8+ 33. Kf4 Ne5 34. Bc2 Kf8 35. fxg6 fxg6 36. Rxe5 1-0

[Event "Titled Tuesday intern op 28th Feb Late"]
[Site "Chess.com INT"]
[Date "2023.02.28"]
[Round "1"]
[White "Le Goff, Ronan"]
[Black "Klekowski, Maciej"]
[Result "1-0"]
[WhiteElo "2330"]
[BlackElo "2477"]
[PlyCount "67"]
[EventDate "2023.02.28"]
[EventType "swiss (blitz)"]
[EventRounds "11"]
[EventCountry "USA"]
[SourceTitle "CBM 213 Extra"]
[Source "ChessBase"]
[SourceDate "2023.05.31"]
[SourceVersion "1"]
[SourceVersionDate "2023.05.31"]
[SourceQuality "1"]

1. Nf3 Nf6 2. d4 d5 3. c4 e6 4. Nc3 Be7 5. Bg5 h6 6. Bxf6 Bxf6 7. e3 0-0 8. Rc1 b6 9. Qc2 Bb7 10. cxd5 exd5 11. Bd3 Re8 12. 0-0 a6 13. Qb3 Qd6 14. Bb1 Nd7 15. Rfe1 c5 16. Na4 c4 17. Qc2 g6 18. Nc3 Bg7 19. e4 dxe4 20. Nxe4 Bxe4 21. Rxe4 b5 22. Rce1 Rxe4 23. Qxe4 Rd8 24. Ne5 Nf6 25. Qb7 Qd5 26. Qxa6 Qxd4 27. Nc6 Qd2 28. Rf1 Re8 29. Qxb5 Re2 30. Qxc4 Qxb2 31. Bxg6 Kh8 32. Qxf7 Ng4 33. Ne7 Qxa2 34. Qe8+ 1-0

[Event "Titled Tuesday intern op 14th Feb Late"]
[Site "Chess.com INT"]
[Date "2023.02.14"]
[Round "5"]
[White "Le Goff, Ronan"]
[Black "Di Berardino, Diego Rafael"]
[Result "1-0"]
[WhiteElo "2330"]
[BlackElo "2475"]
[PlyCount "85"]
[EventDate "2023.02.14"]
[EventType "swiss (blitz)"]
[EventRounds "11"]
[EventCountry "USA"]
[SourceTitle "CBM 212 Extra"]
[Source "ChessBase"]
[SourceDate "2023.03.31"]
[SourceVersion "1"]
[SourceVersionDate "2023.03.31"]
[SourceQuality "1"]

1. d4 Nf6 2. Nf3 d5 3. Bf4 c5 4. e3 Nc6 5. Nc3 a6 6. dxc5 e6 7. Na4 Bxc5 8. Nxc5 Qa5+ 9. c3 Qxc5 10. Bd3 0-0 11. 0-0 Re8 12. Ne5 Nxe5 13. Bxe5 b5 14. Bd4 Qe7 15. f4 Bb7 16. Rf3 Ne4 17. Bxe4 dxe4 18. Rh3 f6 19. Qh5 h6 20. Qg6 e5 21. fxe5 fxe5 22. Rxh6 Rf8 23. Qh7+ Kf7 24. Rf1+ Ke8 25. Rxf8+ Qxf8 26. Re6+ Kd7 27. Rxe5 Qf7 28. Rg5 Rg8 29. Rxg7 Rxg7 30. Qxg7 Qxg7 31. Bxg7 Bd5 32. a3 Ke6 33. g4 Bb3 34. Kf2 Bd1 35. Kg3 Kd5 36. b4 Ke6 37. Kf4 Bf3 38. h4 Kf7 39. Bd4 Ke6 40. h5 Kf7 41. Kf5 Kg8 42. h6 Kh7 43. g5 1-0

[Event "Titled Tuesday intern op 14th Feb Late"]
[Site "Chess.com INT"]
[Date "2023.02.14"]
[Round "6"]
[White "Le Goff, Ronan"]
[Black "Sanchez, Sebastian Felipe"]
[Result "0-1"]
[WhiteElo "2330"]
[BlackElo "2427"]
[PlyCount "30"]
[EventDate "2023.02.14"]
[EventType "swiss (blitz)"]
[EventRounds "11"]
[EventCountry "USA"]
[SourceTitle "CBM 212 Extra"]
[Source "ChessBase"]
[SourceDate "2023.03.31"]
[SourceVersion "1"]
[SourceVersionDate "2023.03.31"]
[SourceQuality "1"]

1. d4 Nf6 2. Nf3 d5 3. Bf4 c5 4. e3 Nc6 5. Nc3 Bg4 6. Bb5 e6 7. h3 Bxf3 8. Qxf3 cxd4 9. exd4 Rc8 10. 0-0-0 a6 11. Be2 Qa5 12. Bd2 Nxd4 13. Qe3 Nxe2+ 14. Qxe2 Bb4 15. Kb1 0-0 0-1

[Event "Titled Tuesday intern op 14th Feb Late"]
[Site "Chess.com INT"]
[Date "2023.02.14"]
[Round "2"]
[White "Lopez Perdomo, Juan David"]
[Black "Le Goff, Ronan"]
[Result "0-1"]
[WhiteElo "1999"]
[BlackElo "2330"]
[PlyCount "82"]
[EventDate "2023.02.14"]
[EventType "swiss (blitz)"]
[EventRounds "11"]
[EventCountry "USA"]
[SourceTitle "CBM 212 Extra"]
[Source "ChessBase"]
[SourceDate "2023.03.31"]
[SourceVersion "1"]
[SourceVersionDate "2023.03.31"]
[SourceQuality "1"]

1. e4 e5 2. Nf3 Nc6 3. Bb5 Nf6 4. d3 d6 5. h3 Bd7 6. c3 g6 7. 0-0 Bg7 8. Re1 0-0 9. Ba4 Re8 10. Nbd2 h6 11. Nf1 Nh5 12. Ng3 Nxg3 13. fxg3 Qe7 14. g4 Rad8 15. Be3 b6 16. Qd2 Nb8 17. Bxd7 Nxd7 18. Rf1 Kh7 19. Rf2 f6 20. Raf1 Nf8 21. h4 Ne6 22. g5 fxg5 23. hxg5 h5 24. Nh4 Rf8 25. Qe2 Rxf2 26. Qxf2 Nxg5 27. Nxg6 Kxg6 28. Bxg5 Qxg5 29. Qf7+ Kh6 30. Rf5 Rf8 31. Qxc7 Rxf5 32. exf5 Qxf5 33. Qxd6+ Kh7 34. Qc7 Qxd3 35. Qxa7 Qe3+ 36. Kh1 h4 37. Qd7 Qe1+ 38. Kh2 Qg3+ 39. Kh1 Qf4 40. Qd3+ e4 41. Qd7 e3 0-1